Films With All Four Academy Award Acting Nominations - Statistics

General Stats
  • This quiz has been taken 29 times
  • The average score is 11 of 19
Answer Stats
Year Film Lead Actor Lead Actress Supporting Actor Supporting Actress % Correct
1967 Bonnie and Clyde Warren Beatty Faye Dunaway Gene Hackman Estelle Parsons
80%
1967 Bonnie and Clyde Warren Beatty Faye Dunaway Michael J. Pollard Estelle Parsons
80%
1976 Network Peter Finch Faye Dunaway Ned Beatty Beatrice Straight
80%
1976 Network William Holden Faye Dunaway Ned Beatty Beatrice Straight
80%
2013 American Hustle Christian Bale Amy Adams Bradley Cooper Jennifer Lawrence
75%
2012 Silver Linings Playbook Bradley Cooper Jennifer Lawrence Robert De Niro Jacki Weaver
75%
1966 Who's Afraid of Virginia Woolf? Richard Burton Elizabeth Taylor George Segal Sandy Dennis
70%
1951 A Streetcar Named Desire Marlon Brando Vivien Leigh Karl Malden Kim Hunter
65%
1953 From Here to Eternity Montgomery Clift Deborah Kerr Frank Sinatra Donna Reed
65%
1953 From Here to Eternity Burt Lancaster Deborah Kerr Frank Sinatra Donna Reed
65%
1981 Reds Warren Beatty Diane Keaton Jack Nicholson Maureen Stapleton
65%
1978 Coming Home Jon Voight Jane Fonda Bruce Dern Penelope Milford
60%
1967 Guess Who's Comingto Dinner Spencer Tracy Katharine Hepburn Cecil Kellaway Beah Richards
55%
1950 Sunset Boulevard William Holden Gloria Swanson Erich von Stroheim Nancy Olson
55%
1942 Mrs. Miniver Walter Pidgeon Greer Garson Henry Travers Teresa Wright
40%
1942 Mrs. Miniver Walter Pidgeon Greer Garson Henry Travers May Whitty
40%
1943 For Whom the Bell Tolls Gary Cooper Ingrid Bergman Akim Tamiroff Katina Paxinou
25%
1948 Johnny Belinda Lew Ayres Jane Wyman Charles Bickford Agnes Moorehead
20%
1936 My Man Godfrey William Powell Carole Lombard Mischa Auer Alice Brady
20%
No matching quizzes found
Score Distribution
Percent of People with Each Score
Percentile by Number Answered
Your Score History
You have not taken this quiz